MARC details
| 000 -LEADER |
| fixed length control field |
02507nam a22003737a 4500 |
| 001 - CONTROL NUMBER |
| control field |
100717 |
| 003 - CONTROL NUMBER IDENTIFIER |
| control field |
KnowledgeUnlatched |
| 005 - DATE AND TIME OF LATEST TRANSACTION |
| control field |
20210303105323.0 |
| 006 - FIXED-LENGTH DATA ELEMENTS--ADDITIONAL MATERIAL CHARACTERISTICS |
| fixed length control field |
m o d |
| 007 - PHYSICAL DESCRIPTION FIXED FIELD--GENERAL INFORMATION |
| fixed length control field |
cr u|||||||||| |
| 008 - FIXED-LENGTH DATA ELEMENTS--GENERAL INFORMATION |
| fixed length control field |
210129p20162018ilu o u00| u eng d |
| 035 ## - SYSTEM CONTROL NUMBER |
| System control number |
(OCoLC)968905319 |
| 037 ## - SOURCE OF ACQUISITION |
| Institution to which field applies |
BiblioBoard |
| 020 ## - INTERNATIONAL STANDARD BOOK NUMBER |
| International Standard Book Number |
9780810134027 |
| 029 1# - OTHER SYSTEM CONTROL NUMBER (OCLC) |
| OCLC library identifier |
https://library.biblioboard.com/ext/api/media/839b991c-f328-432a-a032-71133aa97c90/assets/thumbnail.jpg |
| 040 ## - CATALOGING SOURCE |
| Original cataloging agency |
ScCtBLL |
| Transcribing agency |
ScCtBLL |
| 100 1# - MAIN ENTRY--PERSONAL NAME |
| Personal name |
Aygun, Omer |
| Relator term |
author. |
| 245 04 - TITLE STATEMENT |
| Title |
The Middle Included |
| Remainder of title |
Logos in Aristotle / |
| Statement of responsibility, etc. |
Omer Aygun. |
| 264 #1 - PRODUCTION, PUBLICATION, DISTRIBUTION, MANUFACTURE, AND COPYRIGHT NOTICE |
| Name of producer, publisher, distributor, manufacturer |
Northwestern University Press, |
| 300 ## - PHYSICAL DESCRIPTION |
| Extent |
1 online resource (286 p.) |
| 506 0# - RESTRICTIONS ON ACCESS NOTE |
| Terms governing access |
Access copy available to the general public. |
| Standardized terminology for access restriction |
Unrestricted |
| Source of term |
star |
| 520 ## - SUMMARY, ETC. |
| Summary, etc. |
The Middle Included is a systematic exploration of the meanings of logos throughout Aristotle’s work. It claims that the basic meaning is “gathering,â€? a relation that holds its terms together without isolating them or collapsing one to the other. This meaning also applies to logos in the sense of human language. Aristotle describes how some animals are capable of understanding non-firsthand experience without being able to relay it, while others relay it without understanding. Aygün argues that what distinguishes human language, for Aristotle, is its ability to both understand and relay firsthand and non-firsthand experiences. This ability is key to understanding the human condition: science, history, news media, propaganda, gossip, utopian fiction, and sophistry, as well as philosophy. Ã-mer Aygün finds Aristotle’s name for this peculiar but crucial human ability of “gatheringâ€? both experiences is logos, and this leads to a claim about the specificity of human rationality and language. |
| 588 0# - SOURCE OF DESCRIPTION NOTE |
| Source of description note |
Description based on print version record. |
| 590 ## - LOCAL NOTE (RLIN) |
| Local note |
KU Select 2016 Front List Collection |
| 650 #7 - SUBJECT ADDED ENTRY--TOPICAL TERM |
| Topical term or geographic name entry element |
Philosophy / Language |
| Source of heading or term |
bisacsh |
| 650 #7 - SUBJECT ADDED ENTRY--TOPICAL TERM |
| Topical term or geographic name entry element |
Philosophy |
| Source of heading or term |
bisacsh |
| 650 #0 - SUBJECT ADDED ENTRY--TOPICAL TERM |
| Topical term or geographic name entry element |
Philosophy |
| 655 #0 - INDEX TERM--GENRE/FORM |
| Genre/form data or focus term |
Electronic books. |
| 758 ## - |
| -- |
Is found in: |
| -- |
Knowledge Unlatched |
| -- |
https://openresearchlibrary.org/module/2774bc74-146a-484f-a7ba-ab1d6a09bbfb |
| 856 40 - ELECTRONIC LOCATION AND ACCESS |
| Uniform Resource Identifier |
<a href="https://openresearchlibrary.org/content/839b991c-f328-432a-a032-71133aa97c90">https://openresearchlibrary.org/content/839b991c-f328-432a-a032-71133aa97c90</a> |
| Public note |
View this content on Open Research Library. |
| -- |
0 |